Sports Quiz

Random Sports or NBA Quiz

Curry, James, or Both? Quiz Stats

 Plays Quiz Updated Jul 9, 2019

Score 0/15 Timer 03:00
23 Plays Today
Question Answer Wrong Answers
Played against his brother in Conference Finals Stephen Curry
92.5%
LeBron James
1.5%
Both
2.7%
Played for single NBA franchise Stephen Curry
90.8%
LeBron James
2.3%
Both
3.6%
Went straight from high school to the NBA LeBron James
90.2%
Stephen Curry
2.5%
Both
3.9%
6 foot, 8 inches tall LeBron James
90.1%
Stephen Curry
4.8%
Both
1.9%
Played in the 2017 NBA Finals Both
88.8%
Stephen Curry
5%
LeBron James
3%
Signed with Under Armour Stephen Curry
88%
LeBron James
3.7%
Both
5.1%
Attended Davidson Stephen Curry
87.8%
LeBron James
4.4%
Both
4.6%
2015 MVP Stephen Curry
79.3%
LeBron James
15.8%
Both
1.7%
Top 5 in NBA Playoffs career points LeBron James
77.5%
Stephen Curry
5.1%
Both
14.1%
Won Rookie of the Year LeBron James
77%
Stephen Curry
4.8%
Both
15%
Has been on the cover of an NBA 2K game Both
74.6%
Stephen Curry
3.3%
LeBron James
18.9%
Has been the top-selling NBA jersey for a season Both
67.8%
Stephen Curry
11.1%
LeBron James
17.8%
Captain in the 2018 All Star Game Both
66.5%
Stephen Curry
6.2%
LeBron James
24.1%
Won Olympic Gold Medal with Team USA LeBron James
61.3%
Stephen Curry
3.2%
Both
32.3%
Born at Akron General Medical Center in Akron, Ohio Both
42.4%
Stephen Curry
5.5%
LeBron James
49.1%

You're not logged in!

Compare scores with friends on all Sporcle quizzes.
OR
Log In

Sporcle TV

Today on Sporcle TV


Watch our educational content, quiz creation guides, and fun videos on Sporcle TV.

Show Comments

Extras

Top Quizzes Today


Score Distribution

Your Account Isn't Verified!

In order to create a playlist on Sporcle, you need to verify the email address you used during registration. Go to your Sporcle Settings to finish the process.

Report this User

Report this user for behavior that violates our Community Guidelines.

Details: